| 000 | 00383nam a2200145Ia 4500 | ||
|---|---|---|---|
| 999 |
_c4975 _d4975 |
||
| 003 | OSt | ||
| 082 |
_a634.61 _bABR/ST |
||
| 100 | _aAbraham,C C | ||
| 245 | _aStatus of Coconut Research and Development in India,Malaysia,Srilanka and Tanzania | ||
| 260 |
_aThrissur _bKerala Agricultural University _c1998 |
||
| 300 | _a56 | ||
| 546 | _aEnglish | ||
| 700 | _aKumaran,K | ||
| 942 |
_2ddc _cIR |
||